Diseño y construcción de un amplificador magnético
Na minha lista:
| Autor principal: | |
|---|---|
| Outros Autores: | |
| Formato: | Livro |
| Publicado em: |
[San José , Costa Rica]
1971
|
| Tags: |
Adicionar Tag
Sem tags, seja o primeiro a adicionar uma tag!
|
MARC
| LEADER | 00000nam a2200000Ia 4500 | ||
|---|---|---|---|
| 003 | PIE064 | ||
| 005 | 20231113102549.0 | ||
| 008 | 140116s1971 c a m 000 ||s d | ||
| 040 | |c cru CEDI | ||
| 090 | |a PIE-64 | ||
| 100 | |a Herrera C, Víctor Manuel |9 17572 | ||
| 245 | |a Diseño y construcción de un amplificador magnético | ||
| 260 | |a [San José , Costa Rica] |c 1971 | ||
| 300 | |a 25 hojas ;ilustraciones | ||
| 500 | |a A la Cabeza de la portada. Universidad de Costa Rica. Escuela de Ingeniería Eléctrica. Departamento de Ingeniería Eléctrica. Laboratorio eléctrico A | ||
| 501 | |a Profesor Guía: Ing. Víctor Manuel Herrera C | ||
| 700 | |a Herrera C, Víctor Manuel |d Director de Proyecto Eléctrico |9 1758 | ||
| 942 | |c PIE |h PIE-64 |i PIE064 |6 PIE_64_PIE064 | ||
| 999 | |c 13438 |d 13438 | ||
